ਸ੍ਰੀ ਗੁਰ ਪੰਥ ਪ੍ਰਕਾਸ਼ / (Record no. 57560)
[ view plain ]
| 000 -LEADER | |
|---|---|
| fixed length control field | 01269nam a22002777a 4500 |
| 005 - DATE AND TIME OF LATEST TRANSACTION | |
| control field | 2011080406576.0 |
| 008 - FIXED-LENGTH DATA ELEMENTS--GENERAL INFORMATION | |
| fixed length control field | 090728t xxu||||| |||| 00| 0 pun d |
| 010 ## - LCCN (DPL NO) | |
| LC control number | PUN-7100 |
| 020 ## - INTERNATIONAL STANDARD BOOK NUMBER | |
| Terms of availability | 56.00 |
| 035 ## - SYSTEM CONTROL NUMBER | |
| System control number | PN-6218 |
| 037 ## - SOURCE OF ACQUISITION | |
| Source of stock number/acquisition | DBAD / PUB |
| 040 ## - CATALOGING SOURCE | |
| Original cataloging agency | dpl |
| Language of cataloging | pn |
| 082 ## - DEWEY DECIMAL CLASSIFICATION NUMBER | |
| Classification number | 260 |
| 100 ## - MAIN ENTRY--PERSONAL NAME | |
| 9 (RLIN) | 24414 |
| Personal name | ਭੰਗੂ, ਰਤਨ ਸਿੰਘ |
| 245 ## - TITLE STATEMENT | |
| Title | ਸ੍ਰੀ ਗੁਰ ਪੰਥ ਪ੍ਰਕਾਸ਼ / |
| Remainder of title | ਰਤਨ ਸਿੰਘ ਭੰਗੂ, ਜੀਤ ਸਿੰਘ ਸੀਤਲ ਦ੍ਵਾਰਾ ਸੰਪਾਦਿਤ |
| 246 ## - VARYING FORM OF TITLE | |
| Title proper/short title | Sri Gur panth prakash |
| Remainder of title | by Rattan Singh Bhangu |
| 260 ## - PUBLICATION, DISTRIBUTION, ETC. (IMPRINT) | |
| Place of publication, distribution, etc | ਅੰਮ੍ਰਿਤਸਰ |
| Name of publisher, distributor, etc | ਸਿੱਖ ਇਤਿਹਾਸ ਰੀਸਰਚ ਬੋਰਢ (ਸ਼੍ਰੋਮਣੀ ਗੁਰਦੁਆਰਾ ਪ੍ਰਬੰਧਕ ਕਮੇਟੀ) |
| Date of publication, distribution, etc | 2005 |
| 270 ## - ADDRESS | |
| Address | S.G.P.C. |
| City | Amritsar |
| Postal code | 143002 |
| 300 4# - PHYSICAL DESCRIPTION | |
| Extent | 483p. |
| Dimensions | 22ਸੇਂਮੀ (ਸਜਿਲੱਦ) |
| 600 ## - SUBJECT ADDED ENTRY--PERSONAL NAME | |
| 9 (RLIN) | 31401 |
| 650 ## - SUBJECT ADDED ENTRY--TOPICAL TERM | |
| 9 (RLIN) | 24431 |
| Topical term or geographic name as entry element | ਸਿੱਖ ਧਰਮ |
| 650 ## - SUBJECT ADDED ENTRY--TOPICAL TERM | |
| Topical term or geographic name as entry element | Sikh Religious |
| 9 (RLIN) | 35484 |
| 700 ## - ADDED ENTRY--PERSONAL NAME | |
| 9 (RLIN) | 35472 |
| Personal name | ਜੀਤ ਸਿੰਘ ਸੀਤਲ |
| 942 ## - ADDED ENTRY ELEMENTS (KOHA) | |
| Source of classification or shelving scheme | Dewey Decimal Classification |
| Item type | Punjabi Bks |
| Classification part | 260 |
| Call number suffix | ਭੰਗੂਰ |
| Withdrawn status | Lost status | Source of classification or shelving scheme | Damaged status | Not for loan | Collection code | Home library | Current library | Date acquired | Source of acquisition | Cost, normal purchase price | Total Checkouts | Full call number | Barcode | Date last seen | Copy number | Cost, replacement price | Koha item type |
|---|---|---|---|---|---|---|---|---|---|---|---|---|---|---|---|---|---|
| Dewey Decimal Classification | Non-fiction | D.B.Act.Division | D.B.Act.Division | 11/10/2011 | DBAD/PUB | 56.00 | 260 ਭੰਗੂਰ | PN-6218 | 11/10/2011 | 1 | 56.00 | Punjabi Bks |
